Library of the University of Algiers 3
Ibrahim Sultan Cheibout
شعار جامعة الجزائر 3
مكتبة جامعة الجزائر 3
إبراهيم سلطان شيبوط

تدريب القوة العضلية التكامل بين النظرية و التطبيق (رقم التسجيلة. 11408)

تفاصيل مارك
000 -LEADER
fixed length control field 00597nam a2200169Ia 4500
003 - CONTROL NUMBER IDENTIFIER
control field IEPS
005 - DATE AND TIME OF LATEST TRANSACTION
control field 20250703135244.0
008 - FIXED-LENGTH DATA ELEMENTS--GENERAL INFORMATION
fixed length control field 250223s9999||||xx |||||||||||||| ||und||
040 ## - CATALOGING SOURCE
-- IEPS
041 ## - LANGUAGE CODE
Language code of text/sound track or separate title ara
082 ## - DEWEY DECIMAL CLASSIFICATION NUMBER
Classification number 613.71
100 ## - MAIN ENTRY--PERSONAL NAME
Personal name علي عادل عبد البصير
245 #0 - TITLE STATEMENT
Title تدريب القوة العضلية التكامل بين النظرية و التطبيق
260 ## - PUBLICATION, DISTRIBUTION, ETC.
Place of publication, distribution, etc. الاسكندرية
Name of publisher, distributor, etc. المكتبة المصرية للطباعة و النشر و التوزيع
Date of publication, distribution, etc. 2004
300 ## - PHYSICAL DESCRIPTION
Extent 320 ص.
Other physical details رسوم بيانية ، مخططات
Dimensions 30 سم.
942 ## - ADDED ENTRY ELEMENTS (KOHA)
Koha item type كتب
المقتنيات
Withdrawn status Lost status Source of classification or shelving scheme Damaged status Not for loan Home library Current library Date acquired Total checkouts Full call number Date last seen Price effective from Koha item type
    Dewey Decimal Classification   Available مكتبة معهد التربية البدنية و الرياضية مكتبة معهد التربية البدنية و الرياضية 23/02/2025   613.71 ع ع ت / 23/02/2025 23/02/2025 كتب

موارد الويب المفتوحة


© University of Algiers 3 All Rights Reserved
|
Implemented by LECHELAH Riad